书目信息 |
| 题名: |
哲学知识基础
|
|
| 作者: | 阿法纳西耶夫 著 ;沙曾熙 译 | |
| 分册: | ||
| 出版信息: | 北京 人民出版社 1983 |
|
| 页数: | 370页 | |
| 开本: | 19cm | |
| 丛书名: | ||
| 单 册: | ||
| 中图分类: | B0 | |
| 科图分类: | ||
| 主题词: | 哲学理论 | |
| 电子资源: | ||
| ISBN: | ||
| 000 | 00686nam0 2200241 45 | |
| 001 | 0183005744 | |
| 005 | 20060815153102.35 | |
| 010 | @dCNY1.20 | |
| 091 | @a2001.243 | |
| 100 | @a19951001d1983 em y0chiy0121 ea | |
| 101 | 1 | @achi@crus |
| 102 | @aCN@b110000 | |
| 105 | @ay z 000yy | |
| 200 | 10 | @a哲学知识基础@Azhe xue zhi shi ji chu@f(苏)维·格·阿法纳西耶夫著@F(Su)Wei·Ge·A Fa Na Xi Ye Fu Zhu@g沙曾熙等译 |
| 210 | @a北京@c人民出版社@d1983 | |
| 215 | @a370页@d19cm | |
| 606 | @a哲学理论 | |
| 690 | @aB0@v3 | |
| 701 | 0 | @a阿法纳西耶夫@4著 |
| 702 | 0 | @a沙曾熙@Asha zeng xi@4译 |
| 801 | 2 | @aCN@bNLC@c20060815 |
| 801 | 0 | @aCN@b上海图书馆@c20060727 |
| 905 | @dB0@e38@f1@b99261 | |
| 哲学知识基础/(苏)维·格·阿法纳西耶夫著/沙曾熙等译.-北京:人民出版社,1983 |
| 370页;19cm |
| ISBN :CNY1.20 |
| ● |
| 相关链接 |
|
|
|
|
正题名:哲学知识基础
索取号:B0/38
 
预约/预借
| 序号 | 登录号 | 条形码 | 馆藏地/架位号 | 状态 | 备注 |
| 1 | 0099257 | 001854121 | 密集书库/ [索取号:B0/38] | 在馆 | |
| 2 | 0099258 | 202264771 | 密集书库/ [索取号:B0/38] | 在馆 | |
| 3 | 0099259 | 001130939 | 密集书库/ [索取号:B0/38] | 在馆 | |
| 4 | 0099260 | 001130957 | 第一借阅区/ [索取号:B0/38] | 在馆 | |
| 5 | 0099261 | 001130948 | 第一样本阅览室/ [索取号:B0/38] | 在馆 | |
| 6 | 0424599 | 204245995 | 密集书库/ [索取号:B0/38] | 在馆 | |
| 7 | 0425452 | 204254528 | 密集书库/ [索取号:B0/38] | 在馆 | |
| 8 | 0439900 | 204399007 | 密集书库/ [索取号:B0/38] | 在馆 | |
| 9 | 0439901 | 204399016 | 密集书库/ [索取号:B0/38] | 在馆 | |
| 10 | 0460307 | 204603072 | 密集书库/ [索取号:B0/38] | 在馆 |